000 00777nam a2200229 a 4500
001 74255
003 BD-RjUL
005 20211209082527.0
008 180418s2017 bg ||||| |||| 00| 0 ben d
020 _a9789840419449
_cTk.350.00
035 _a(BD-RjUL)74473
040 _aBD-RjUL
_beng
_cBD-RjUL
041 _aben
082 _223
_a891.4443581
_bHAN 2017
100 1 _aহাসিনা, শেখ
_9221183
245 1 0 _aনির্বাচিত প্রবন্ধ /
_cশেখ হাসিনা,
260 _aঢাকা :
_bআগামী প্রকাশনী ,
_c২০১৭
300 _a১৫৮ পৃ. ;
_c২২ সেমি.
650 _aবাংলা প্রবন্ধ
_9221184
650 _vBengali Literature
_9221185
942 _2ddc
_cBK
999 _c74255
_d74255